000 00922nam a2200217 a 4500
001 000127152
003 AM-YEHGA
005 20250617122654.0
008 010520s1978 ru ||||gr|||||||||0|rus|d
040 _aAM-YeHGA
041 0 _arus
_apol
100 1 _aТургенев, Иван Сергеевич
245 1 0 _aМуму :
_bКнига для чтения с комментарием на польском языке и словарем /
_cИ.С. Тургенев ; Авт. предисл.: Г.Э. Винникова ; Сост. И.Н. Малахова.
260 _aМосква :
_bРус. язык,
_c1978.
300 _a88 с.
650 1 4 _aРусский язык
_vХрестоматии для нерусских
700 1 _aВинникова, Галина Эрнестовна
_eавт. предисл.
_4aut
700 1 _aМалахова, И.Н.
_eсост.
_4com
942 _2udc
_cBK
090 _c43031
999 _c42348
_d42348